| 000 | 00431nam a2200169Ia 4500 | ||
|---|---|---|---|
| 008 | 230917s9999||||xx |||||||||||||| ||und|| | ||
| 020 | _cEUR149.95 | ||
| 040 |
_e216400 _aMAIN |
||
| 041 | _aEnglish | ||
| 082 | _a580 A13A | ||
| 100 | _aAhmad, Parvaiz, ed. | ||
| 245 | 0 | _aSalt stress in plants | |
| 260 |
_aNew York _bSpringer _c2013 |
||
| 300 | _axv, 509 p. | ||
| 500 | _a1551 19/05/2014 51 20/05/2014 Main Budget | ||
| 942 | _cBK | ||
| 999 |
_c11439 _d11439 |
||